000 00661nam a2200205Ii 4500
003 JO-AjNU
008 230605s9999||||xx |||||||||||||| ||und||
040 _aJO-AjNU
_bara
_erda
_cJO-AjNU
041 _aara
050 1 4 _aBF199.M5422.1986
100 3 _aأسعد،ميخائيل ابراهيم,
_eauthor
_919942
245 0 0 _aالتناظر في سبيل اكتشاف الاخر
250 _aط1
264 3 1 _aبيروت:منشورات دار الافاق الجديدة ،1986
300 _a208ص
336 _atext
_btxt
_2rdacontent
337 _aunmediated
_bn
_2rdamedia
338 _avolume
_bnc
_2rdacarrier
650 4 _aسلوك-علم نفس
_919943
999 _aA6671
_c10239
_d10239